000 00739nam a2200229Ii 4500
003 JO-AjNU
008 230605s9999||||xx |||||||||||||| ||und||
017 _a94-4242
020 _a977-200-097-0
040 _aJO-AjNU
_bara
_erda
_cJO-AjNU
041 _aara
050 1 4 _aQA11.K422 1994
100 3 _aخليفة، خليفة عبد السميع,
_eauthor
_99184
245 0 0 _aتدريس الرياضيات في المدرسة الثانوية
250 _aط3
264 3 1 _aالقاهرة:دار النهضة العربية، 1994
300 _a266ص
336 _atext
_btxt
_2rdacontent
337 _aunmediated
_bn
_2rdamedia
338 _avolume
_bnc
_2rdacarrier
650 4 _aالرياضيات - دراسة وتدريس
_99185
999 _aA1169
_c4737
_d4737